An Investigation into English Lexical Devices Denoting Negation Versus Vietnamese Equivalents /

Guardado en:
Detalles Bibliográficos
Autor principal: Trần Phương Thảo
Otros Autores: Le Thi Giao Chi M.Ed huong dan
Formato: Desconocido
Lenguaje:English
Publicado: 2010.
Materias:
Etiquetas: Agregar Etiqueta
Sin Etiquetas, Sea el primero en etiquetar este registro!
Thư viện lưu trữ: Mạng thư viện Đại học Đà Nẵng
LEADER 01271na a2200337 4500
001 000031797
003 7239
005 20221224103203.0
008 151001s2010 000 eng
040 |a LNN 
041 |a eng 
082 |a 420.4  |b TR-T 
100 |a Trần Phương Thảo 
245 3 |a An Investigation into English Lexical Devices Denoting Negation Versus Vietnamese Equivalents /  |c Trần Phương Thảo. 
260 |c 2010. 
300 |a 77tr. : mh ; 30cm. 
500 |a M.A.Thesis in the english language 
650 |a An Investigation into English Lexical Devices Denoting Negation Versus Vietnamese Equivalents, Lexical , 2010 
700 |a Le Thi Giao Chi  |b M.Ed  |c huong dan 
852 |c Luận văn Thạc sĩ 
OWN |a LNN 
AVA |a UDN50  |b LNN  |c English  |d 420.4 TR-T  |e available  |t Error 5001 Not defined in file expand_doc_bib_avail.  |f 1  |g 0  |h N  |i 0  |j AN  |k 1 
999 |a From the UDN01 
AVA |a UDN50  |b LNN  |c English  |d 420.4 TR-T  |e available  |t Error 5001 Not defined in file expand_doc_bib_avail.  |f 1  |g 0  |h N  |i 0  |j AN  |k 1 
TYP |a Printed language 
980 |a Mạng thư viện Đại học Đà Nẵng